000 00748nam a22002297a 4500
999 _c2974
_d2974
003 AR-CdUCM
008 190305b ||||| |||| 00| 0 spa d
040 _aMUNICIPALIDAD PROVINCIAL DEL CUSCO
_cBIBLIOTECA MUNICIPAL DEL CUSCO
041 _hrus
082 _a891.74 /
_bM18
100 _aMakarenko, Antonio
_910165
245 _aLa vida ha comenzado (poema pedagógico) /
260 _aUruguay :
_bEdiciones Pueblos Unidos Ltda.,
_c1945.
300 _a258 páginas ;
_c19.5 cm.
500 _aDonación de la familia Nieto.
505 _aSegundo libro de la trilogía "Poema pedagógico".
650 _aNarrativa rusa
_910166
650 _aNovelas contemporáneas
_910167
650 _aSiglo XX
_98
942 _2ddc
_cLIBROS
945 _alccs